Normal view
MARC view
- الحج- العبادات- فقه اسلامي- السيرة النبوية
Entry Topical Term
001 - CONTROL NUMBER
- control field: 16713
003 - CONTROL NUMBER IDENTIFIER
- control field: JO-AjAnu
005 - DATE AND TIME OF LATEST TRANSACTION
- control field: 20230606072950.0
008 - FIXED-LENGTH DATA ELEMENTS
- fixed length control field: 230606|| aca||aabn | a|a d
040 ## - CATALOGING SOURCE
- Original cataloging agency: JO-AjAnu
- Transcribing agency: JO-AjAnu
150 ## - HEADING--TOPICAL TERM
- Topical term or geographic name entry element: الحج- العبادات- فقه اسلامي- السيرة النبوية
670 ## - SOURCE DATA FOUND
- Source citation: Work cat.: (JO-AjAnu)8582: تقديم وتعليق: بن سنان، علي بن محمد , author 16712, حجة خير العباد المجرد من زاد المعاد